000 00303nam a2200121Ia 4500
008 191201s2014 xx 000 0 und d
100 _aMUKHERJEE, D P
245 0 _aFundamentals of Computer Graphics and Multimedia
250 _aRep
260 _c2014
_bPHI
_aNEW DELHI
300 _a182
942 _2ddc
_cBK
999 _c7918
_d7918